Biblioteca

The Eden narrative : (Registro nro. 67460)

Detalles MARC
000 -LÍDER
Campo fijo de descripción fija 03435cam a2200349 i 4500
001 - NÚMERO DE CONTROL
Campo de control 768714001
003 - IDENTIFICADOR DEL NÚMERO DE CONTROL
Campo de control CO-MdFUSB
005 - FECHA Y HORA DE LA ULTIMA TRANSACCIÓN
control field 20220418102251.0
007 - CAMPO FIJO DE DESCRIPCIÓN FIJA--INFORMACIÓN GENERAL
Campo fijo de descripción fija ta
008 - ELEMENTOS DE LONGITUD FIJA -- INFORMACIÓN GENERAL
Campo fijo de descripción fija -- Información general 070907t2007 inu b 001 0 eng
020 ## - NÚMERO INTERNACIONAL NORMALIZADO PARA LIBROS
Número Internacional Normalizado del libro 1575061414
040 ## - FUENTE DE CATALOGACIÓN
Agencia de catalogación original DLC
Idioma de catalogación eng
Agencia que realiza la transcripción CO-MdFUSB
Agencia que realiza la modificación YDX
-- YDXCP
-- OrLoB-B
Convenciones de la descripción rda
041 ## - CÓDIGO DE IDIOMA
Código de idioma para texto/pista de sonido o título separado eng
082 ## - NÚMERO DE CLASIFICACIÓN DECIMAL DEWEY
Número de la edición del Dewey 23
Número de clasificación 222.1106
Clave de autor-Numero de item M595
100 1# - ASIENTO PRINCIPAL--NOMBRE PERSONAL
Nombre personal Mettinger, Tryggve N. D.
Término relacionador autor
245 14 - TÍTULO
Título del Material The Eden narrative :
Parte restante del título - Subtitulo a literary and religio-historical study of Genesis 2-3
Mención de responsabilidad, etc. / Tryggve N. D. Mettinger.
264 #1 - PRODUCCIÓN, PUBLICACIÓN, DISTRIBUCIÓN, MANUFACTURA, Y COPYRIGHT
Lugar de producción, publicación, distribución, manufactura Winona Lake, Ind. :
Nombre del productor, publicador, distribuidor Eisenbrauns,
Fecha de producción, publicación, distribución, manufactura, o copyright [2007]
264 #1 - PRODUCCIÓN, PUBLICACIÓN, DISTRIBUCIÓN, MANUFACTURA, Y COPYRIGHT
Fecha de producción, publicación, distribución, manufactura, o copyright © 2007
300 ## - DESCRIPCIÓN FÍSICA
Extensión 165 páginas ;
Dimensiones 24 cm.
336 ## - TIPO DE CONTENIDO
Término de tipo de contenido texto
Código de tipo de contenido txt
Fuente rdacontent.
337 ## - TIPO DE MEDIO
Nombre del tipo de medio sin mediación
Código del tipo de medio n
Fuente rdamedia.
338 ## - TIPO DE SOPORTE
Nombre del tipo de soporte volumen
Código Tipo de soporte nc
Fuente rdacarrier.
504 ## - NOTA DE BIBLIOGRAFÍA, ETC.
Nota de bibliografía, etc Incluye referencias bibliográficas (páginas 136-155) e índices.
505 ## - NOTA DE CONTENIDO
Nota de contenido con formato preestablecido Análisis narratológico del relato del Edén -- El tema del relato del Edén -- Género y función del relato del Edén -- Rastros de una tradición : el mito adámico en Ezequiel -- Sabiduría e inmortalidad en Adapa y Gilgamesh -- Síntesis.
520 1# - NOTA DE RESUMEN, ETC.
Nota de sumario, etc. En un libro marcado por un estilo académico inusualmente legible, Mettinger transforma nuestro conocimiento de la historia del Edén en Génesis. Nos muestra una historia centrada en una prueba divina de la obediencia humana, con la desobediencia humana y sus consecuencias como tema principal. Ambos árboles especiales en Edén tenían una función: el árbol del conocimiento como el caso de prueba y el árbol de la vida como la recompensa potencial por la obediencia. Mettinger adopta un enfoque de dos niveles. En un movimiento sincrónico, realiza un análisis literario que arroja impactantes observaciones sobre la narratología, el tema y el género del texto estudiado. Define el género como mito y somete la narración a un análisis funcional. Luego aplica un enfoque diacrónico y presenta una reconstrucción histórico-tradicional de un mito adámico en Ezequiel 28. La presencia tanto de la sabiduría como de la inmortalidad en este mito lleva a una discusión sobre estas prerrogativas divinas en la literatura mesopotámica (recordemos a Adapa y Gilgamesh). Las dos prerrogativas demarcaron un límite ontológico entre las esferas divina y humana. Sin embargo, la Narrativa del Edén no evalúa negativamente el deseo humano de obtener conocimiento o sabiduría. Este libro, una obra de investigación fresca y original en formato accesible, es ideal para cursos sobre la creación, la historia primitiva, la Biblia y la literatura, y la Biblia y el antiguo Cercano Oriente. la Narrativa del Edén no evalúa negativamente el deseo humano de obtener conocimiento o sabiduría. Este libro, una obra de investigación fresca y original en formato accesible, es ideal para cursos sobre la creación, la historia primitiva, la Biblia y la literatura, y la Biblia y el antiguo Cercano Oriente. la Narrativa del Edén no evalúa negativamente el deseo humano de obtener conocimiento o sabiduría. Este libro, una obra de investigación fresca y original en formato accesible, es ideal para cursos sobre la creación, la historia primitiva, la Biblia y la literatura, y la Biblia y el antiguo Cercano Oriente.
563 ## - NOTA DE ENCUADERNACIÓN
Nota de encuadernación Pasta dura
630 #7 - TITULO UNIFORME
Título uniforme Biblia.
Nombre de parte o sección de la obra Génesis
Subdivisión de materia general Crítica, interpretación, etc.
653 ## - TÉRMINO DE INDIZACIÓN - NO CONTROLADO
Término no controlado Edén
942 ## - TIPO DE MATERIAL (KOHA)
Tipo de Item KOHA Libros General
945 ## - INFORMACIÓN LOCAL DEL REGISTRO
Catalogador JTF-925
Existencias
Estado de Material Estado de Perdido Forma de Clasificación Estado de Dañado No para Préstamo Colección Biblioteca de Origen Biblioteca Permanente Fecha de Adquisición Área Total de Préstamos Signatura Topográfica Código de Barras Última vez visto Última vez Préstado Ejemplar/Existencia Fecha de Remplazo Tipo de Material
    Dewey Decimal Classification     Colección General Biblioteca FUSBC Biblioteca FUSBC 12/03/2022 BIBLIA 1 G 222.1106 M595e 21611 10/04/2025 01/04/2025 Ej.1 12/03/2022 Libros General

Biblioteca FUSBC | Teléfono: (57+4) 349 88 10 Ext. 141| WhatsApp (+57) 3005338115 
E-mail: biblioteca@unisbc.edu.co | Calle 76 87-14 Robledo Palenque, Medellín, Colombia

Con tecnología Koha